Η προπόνηση του τερματοφύλακα

Αποθηκεύτηκε σε:
Λεπτομέρειες βιβλιογραφικής εγγραφής
Κύριος συγγραφέας: Βυτινάρος, Βασίλης Λ.
Μορφή: Βιβλίο
Γλώσσα:Greek
Δημοσίευση: Αθήνα : [Kegraft], 1987
Θέματα:
Ετικέτες: Προσθήκη ετικέτας
Δεν υπάρχουν, Καταχωρήστε ετικέτα πρώτοι!

MARC

LEADER 00000nam a2200000 i 4500
001 1/78548
008 960821s1987 gre d
035 |a 1993  |b 1  |c Μικιόζος  |l 10032952 
040 |a GR-MY-UA  |b gre  |e aacr 
041 0 |a gre 
082 0 |a 796.33426 
100 1 |a Βυτινάρος, Βασίλης Λ. 
245 1 2 |a Η προπόνηση του τερματοφύλακα /  |c Β. Λ. Βυτινάρου 
260 |a Αθήνα :   |b [Kegraft],   |c 1987 
300 |a 95 σ. 
650 0 0 |a Soccer  |x Goalkeeping. 
650 0 0 |a Soccer goalkeepers. 
852 |a INST  |b RHODES  |e 19960821  |h 796.33426 ΒΥΤ  |p 005400009649  |q 005400009649  |t BK  |y 0 
909 |a Ρ  |b 026068 
922 |a 4ΕΛΗ  |b 199302  |c ΜΙΚΙΟΖΟΣ 
970 |a ΧΟΡΟΖΙΔΟΥ  |b ΤΖΕΝΗ  |z 1999/11/08